| 000 | 00368nam a2200133Ia 4500 | ||
|---|---|---|---|
| 008 | 220217s9999||||xx |||||||||||||| ||und|| | ||
| 020 | _a81-7808-242-X | ||
| 082 | _a004.6 LEH | ||
| 100 |
_aLehnert, Wendy _92385 |
||
| 245 | 0 | _aWeb 101: making the net work for you | |
| 260 |
_aPearson education asia _bDelhi _c2001 |
||
| 300 | _b350 | ||
| 650 | _aCOMPUTER NETWORK | ||
| 999 |
_c168912 _d168912 |
||